Score 0/15 Timer 05:00
0 Plays Today
Kid Name % Correct
Second bornBristol
97.4%
FirstbornTrack
84.6%
Third bornWillow
84.6%
YoungestTrig
84.6%
Fourth bornPiper
71.8%
Second bornMarie
33.3%
Second bornSheeran
30.8%
YoungestVan
28.2%
Kid Name % Correct
FirstbornJames
23.1%
Fourth bornIndy
23.1%
YoungestPaxson
23.1%
FirstbornCharles
20.5%
Third bornBianca
20.5%
Fourth bornGrace
20.5%
Third bornFaye
17.9%
Remove Ads.
Support Sporcle.
Get the best of Sporcle when you Go Orange. This ad-free experience offers more features, more stats, and more fun while also helping to support Sporcle. Thank you for becoming a member.

You're not logged in!

Compare scores with friends on all Sporcle quizzes.
OR
Log In

Show Comments

Extras

Created Nov 19, 2010ReportNominate
Tags:Children, Family, full, kid, palin

Top Quizzes Today


Score Distribution

Your Account Isn't Verified!

In order to create a playlist on Sporcle, you need to verify the email address you used during registration. Go to your Sporcle Settings to finish the process.

Report this User

Report this user for behavior that violates our Community Guidelines.

Details: